| 000 | 00965cam a2200325 i 4500 | ||
|---|---|---|---|
| 001 | 0000444 | ||
| 003 | DO-SdBNP | ||
| 005 | 20240703131407.0 | ||
| 007 | 0000444 | ||
| 008 | 100514s2009 sp | |||| 000 f spa | ||
| 015 | _a | ||
| 017 |
_a _b |
||
| 020 | _a9788483650806 | ||
| 035 | _a | ||
| 040 |
_aBPMSU _bspa _cBPMSU _e |
||
| 080 | _a | ||
| 082 | 4 |
_a839.81 _bB619l 2009 _222 |
|
| 100 | 1 | _aBirkegaard, Mikkel | |
| 245 | 1 | 0 |
_aLibros de Luca / _cMikkel Birkegaard ; traducción Christian Kupchik |
| 260 |
_aMadrid : _bSuma, _c2009. |
||
| 300 |
_a549 p. ; _c23 cm. |
||
| 500 | _aIncluye índice | ||
| 500 | _aTodos los amantes de los libros saben del poder de la palabra escrita, pero no se imaginan hasta dónde puede llegar | ||
| 590 | _aInventariado, 2024/VM | ||
| 650 | 4 | _aNovela danesa | |
| 650 | 4 |
_aBiblioteca _vNovela |
|
| 700 | 1 |
_aKupchik, Christian, _etraductor |
|
| 910 | _aVMateo V. Control de calidad. BPMSU | ||
| 942 |
_2ddc _cBK |
||
| 999 |
_c10569 _d10569 |
||